Marketingová stratégia firmy holdingového typu podnikateľská a marketingová stratégia

Salvato in:
Dettagli Bibliografici
Autore principale: Kassay, Štefan
Natura: Libro
Lingua:slovacco
Pubblicazione: Nové Zámky STRATEG 1999
Soggetti:
Tags: Aggiungi Tag
Nessun Tag, puoi essere il primo ad aggiungerne!!

MARC

LEADER 00000nam a2200000 4500
001 c113561
005 20221102132741.1
020 |a 80-967919-8-2 
041 0 |a slo 
044 |a SK 
245 1 0 |a Marketingová stratégia firmy holdingového typu  |b podnikateľská a marketingová stratégia  |c Štefan Kassay 
264 1 |a Nové Zámky  |b STRATEG  |c 1999 
300 |a 350 s. 
610 2 0 |a stratégia marketingová 
610 2 0 |a stratégia podnikateľská 
610 2 0 |a stratégia podniková 
610 2 0 |a firmy 
610 2 0 |a holding 
610 2 0 |a manažment strategický 
610 2 0 |a marketing strategický 
610 2 0 |a trh 
610 2 0 |a diverzifikácia 
610 2 0 |a korporácie 
610 2 0 |a podnikanie 
100 1 |a Kassay, Štefan